Prerozprávané stretnutie S výtvarne hovoriacim maliarom-fotografom Ľubomírom Rapošom

Bibliographic Details
Main Author: Čeretková-Gállová, Marína, 1931-2017 (Author)
Format: Article
Language:Slovak
PhysicalDescription:Fotogr. 3
Subjects:

MARC

LEADER 00000nab a2200000 a 4500
001 vtls000540564
003 SK-MaSNL
005 20260304020912.0
008 150430c1995 xo 0 slo
015 |a SNBRB19rr/mm-uuuuu 
035 |a CL0540702 
040 |a SNKBUCL  |b slo  |c SNKBUCL  |e AACR2 
041 0 |a slo 
044 |a xo  |c SK 
080 |a 75.071.1  |2 1981 
080 |a 77.04-051  |2 1981 
100 1 |a Čeretková-Gállová, Marína,  |d 1931-2017  |4 aut  |9 5140 
245 1 0 |a Prerozprávané stretnutie  |b S výtvarne hovoriacim maliarom-fotografom Ľubomírom Rapošom  |c Marína Čeretková-Gállová 
300 |b Fotogr. 3 
600 1 7 |a Rapoš, Ľubomír,  |d 1934-  |2 snkbucl  |9 151416 
655 7 |a články z novín a časopisov  |2 snkbucl  |9 267496 
773 0 |t Nové slovo bez rešpektu  |g Roč. 5, č. 10 (1995), s. 28-29 
850 |a Slovenská národná knižnica v Martine  |a MTA001 
852 |a SNK  |b KIS3GCP 
958 |a RK 
958 |a SK 
992 |a RBX 
999 |c 2602012  |d 2603942